Informe anual sobre las actividades del Instituto Lingüístico de Verano en el Perú, 1985
Tallennettuna:
| Yhteisötekijä: | |
|---|---|
| Aineistotyyppi: | Kirja |
| Kieli: | espanja |
| Julkaistu: |
Pucallpa
Instituto Lingüístico de Verano
1986
|
| Aiheet: | |
| Tagit: |
Lisää tagi
Ei tageja, Lisää ensimmäinen tagi!
|
MARC
| LEADER | 00000nam a2200000 a 4500 | ||
|---|---|---|---|
| 001 | UCN5916 | ||
| 003 | CL-VaPUC | ||
| 008 | 010913e19860000pe |||||||||||||||||spa|d | ||
| 082 | 0 | 4 | |a 305.8985 |b INS |2 21 |
| 110 | 2 | |a Instituto Lingüístico de Verano |e author |9 461609 | |
| 245 | 1 | 0 | |a Informe anual sobre las actividades del Instituto Lingüístico de Verano en el Perú, 1985 |
| 300 | |a 98 p | ||
| 942 | |c BK | ||
| 945 | |d 20010913 00:00:00 |a rbrito | ||
| 260 | |a Pucallpa |b Instituto Lingüístico de Verano |c 1986 | ||
| 650 | 0 | |a Etnolingüística |9 341076 | |
| 650 | 7 | |a GRUPOS ETNICOS |2 CL-VaPUC |9 324200 | |
| 650 | 0 | |a Bilingüismo |9 307482 | |
| 650 | 0 | |a Alfabetización |9 310435 | |
| 583 | |a last modification |c 20171218 12:06:59 |k Rodrigo Vera | ||
| 999 | |c 297018 |d 297016 | ||
| 952 | |0 0 |1 0 |4 0 |6 305_898500000000000_INS_1986 |7 0 |8 A |9 351398 |a FDOPOS |b FDOPOS |d 2019-11-21 |i 3707857 |o 305.8985 INS 1986 |p 3707857 |r 2023-08-09 |w 2019-11-21 |y BK |k MLA | ||